Statistics for 10 Things I loved/Hated about 2016

Click here to take the quiz!

General Stats

  • This quiz has been taken 45 times
  • The average score is 8 of 20

Answer Stats

HintAnswer% Correct
2. This racist, bigoted egomaniac became President Elect.Donald Trump
90%
10. After multiple shootings, this country still refuses to tighten gun laws.USA
90%
9. This US President has his last speech as President, but keeps it entertaining by dropping his mic at the end.Barack Obama
88%
5. This Gorilla was unfairly shot and killed by zookeepers in Cleveland, OhioHarambe
55%
3. This moron finally realised everybody hates him and resigned as PM of UK.David Cameron
53%
3. This woman was appointed as new PM of UK without an election.Theresa May
48%
6. This 4th wall breaking "superhero" finally gets his own movie.Deadpool
43%
4. Parallel Universe where this film's main cast are women instead of men...... oh and the film was awful too.Ghostbusters
43%
7. The Japanese PM appears dressed as this gaming icon to promote the 2020 Tokyo Olympics.Mario
40%
1. This legendary British actor passed away.Alan Rickman
38%
1. The best DC Movie since Dark Knight was released.Suicide Squad
30%
8. This atrocity of a movie can be summed up in 2 words. "Doomsday" and "MARTHA!"Batman vs Superman:Dawn of Justice
28%
9. Quentin Tarantino's 8th film and second best is released.The Hateful 8
25%
8. This sequel about Magician Thieves stars Harry Potter.Now You See Me 2
23%
6. This overused and stupid meme was released in response to the below.#DicksOutForHarambe
20%
2. The first film ever shot entirely from a 1st Person Perspective is released to the whole world.Hardcore Henry
13%
5. I got to meet and get an autograph from this actor, notable for being Captain Jack Harkness and the Dark Archer.John Barrowman
10%
7. This WWE Superstar became IC Champion 2 times, neither of his reigns were worth anything or memorable.Mike 'The Miz' Mizanin
10%
10. Independent Film Company RoosterTeeth release their first feature-length production.Lazer Team
5%
4. This game was remastered for the Xbox One.Skyrim
3%

Score Distribution

Percentile by Number Answered

Percent of People with Each Score

Your Score History

You have not taken this quiz